• 首页
  • 本馆介绍
  • 公告通知
  • 最新文献
  • 馆藏检索
  • 电子资源
  • 读者导购
  • 参考咨询
  • 我的图书馆
  • 登录
  • 详细信息显示
  • 放入我的书架
  • 预约/预借图书
  • 作者相关作品
  • 分类相关作品
  • 丛书相关作品
  • 出版社相关作品

书目信息

  • 表格格式
  • 工作单格式
  • 卡片格式
题名:
银河铁道之夜
    
 
作者: 宫泽贤治 著 ;王敏 译
分册:  
出版信息: 南京   江苏凤凰文艺出版社  2019
页数: 301页
开本: 21cm
丛书名:
单 册:
中图分类: I313.88
科图分类:
主题词: 童话--作品集--日本--现代
电子资源:
ISBN: 978-7-5594-3404-3
000 00804nam0 2200229 450
001 2441713847
005 20240907113541.01
010    @a978-7-5594-3404-3@b精装@dCNY45.00
100    @a20190711d2019 cemy0chiy0120 ea
101 1  @achi@cjpn
102    @aCN@b320000
105    @aa z 000fy
200 1  @a银河铁道之夜@9yin he tie dao zhi ye@b专著@f(日)宫泽贤治著@g王敏译
210    @a南京@c江苏凤凰文艺出版社@d2019
215    @a301页@c图@d21cm
330    @a本书收录了《银河铁道之夜》《北上川的百合》《猫咪事务所》《玛芙珑和少女》《银杏果》《月夜的野兽》《夜鹰之星》等童话故事。
606 0  @a童话@x作品集@y日本@z现代
690    @aI313.88@v5
701  0 @c(日)@a宫泽贤治@9gong ze xian zhi@f(1896-1933)@4著
702  0 @a王敏@9wang min@4译
801  2 @aCN@b58marc.cn@c20190805
905    @aZUCC@dI313.88@e6
    
    银河铁道之夜/(日)宫泽贤治著/王敏译.-南京:江苏凤凰文艺出版社,2019
    301页:图;21cm
    
    
    ISBN 978-7-5594-3404-3(精装):CNY45.00
    本书收录了《银河铁道之夜》《北上川的百合》《猫咪事务所》《玛芙珑和少女》《银杏果》《月夜的野兽》《夜鹰之星》等童话故事。
●
相关链接 在五车中查询图书 在当当中查询图书 在豆瓣中查询图书


正题名:银河铁道之夜     索取号:I313.88/6         预约/预借

序号 登录号 条形码 馆藏地/架位号 状态 备注
1 2001761465   2001761465   第四书库/四24架B面5层2列/ [索取号:I313.88/6] 在馆    
2 2001761466   2001761466   第四书库/四24架B面5层2列/ [索取号:I313.88/6] 在馆    
3 2001761467   2001761467   第四书库/四24架B面5层2列/ [索取号:I313.88/6] 在馆    
4 2001761468   2001761468   第四书库/四24架B面5层2列/ [索取号:I313.88/6] 在馆    
5 2001761469   2001761469   第四书库/四24架B面5层2列/ [索取号:I313.88/6] 在馆    
6 2001761470   2001761470   第四书库/四24架B面5层2列/ [索取号:I313.88/6] 在馆    
山东省滨州职业学院图书馆 欢迎您!
大连网信软件有限公司© 版权所有